000 00863nam a2200229 a 4500
001 000028724
003 DO-SdBNP
005 20250604120842.0
008 110330s1982 dr a 000 0 spa d
040 _aDO-SdBNP
_bspa
_cBNPHU
082 4 _a331.125097293
_bS623e
_222
245 0 3 _aLa situación del empleo enla zona urbana en junio de 1980 / :
_b(resultado de la encuesta nacional urbana de mano de obra).
260 _aSanto Domingo :
_bONE,
_c1982.
300 _a149 p. ;
_c27 cm.
500 _aIncluye cuestionario empleado en la encuesta nacional urbana de mano de obra.
590 _aInventariado, 2018/VM
650 0 _aMercado de trabajo
_zRepública Dominicana
_919058
650 4 _aDesempleados
_zRepública Dominicana
_955713
650 4 _aSubempleo
_zRepública Dominicana
_955714
910 _aValidado. Control de calidad MFF
942 _2ddc
_cLBS1
999 _c28216
_d28216